Úspešná symbióza moderného marketingu a vojenskej vedy v oblasti marketingovej stratégie

Enregistré dans:
Détails bibliographiques
Auteur principal: Tkáčiková, Jarmila
Autres auteurs: Ďurkech, Boris
Format: Chapitre de livre
Langue:slovaque
Tags: Ajouter un tag
Pas de tags, Soyez le premier à ajouter un tag!

MARC

LEADER 00000naa$a2200000$$$4500
001 0125194
005 20240502072426.8
041 0 |a slo 
044 |a SK 
245 1 0 |a Úspešná symbióza moderného marketingu a vojenskej vedy v oblasti marketingovej stratégie  |c Jarmila Tkáčiková, Boris Ďurkech 
100 1 |a Tkáčiková, Jarmila 
700 1 |a Ďurkech, Boris